The best tennis players of all time / (Record no. 286320)
[ view plain ]
| 000 -LEADER | |
|---|---|
| fixed length control field | 01017cam a22003255i 4500 |
| 001 - CONTROL NUMBER | |
| control field | 18200605 |
| 003 - CONTROL NUMBER IDENTIFIER | |
| control field | DLC-MRC |
| 005 - DATE AND TIME OF LATEST TRANSACTION | |
| control field | 20200320193639.0 |
| 008 - FIXED-LENGTH DATA ELEMENTS--GENERAL INFORMATION | |
| fixed length control field | 140625s2015 mnua 000 0 eng |
| 010 ## - LIBRARY OF CONGRESS CONTROL NUMBER | |
| LC control number | 2014944205 |
| 020 ## - INTERNATIONAL STANDARD BOOK NUMBER | |
| International Standard Book Number | 1624036228 : |
| Terms of availability | 22.95 |
| 020 ## - INTERNATIONAL STANDARD BOOK NUMBER | |
| International Standard Book Number | 9781624036224 |
| 040 ## - CATALOGING SOURCE | |
| Original cataloging agency | DLC |
| Language of cataloging | eng |
| Transcribing agency | DLC |
| Modifying agency | TnJaDT |
| Description conventions | rda |
| 042 ## - AUTHENTICATION CODE | |
| Authentication code | pcc |
| 082 00 - DEWEY DECIMAL CLASSIFICATION NUMBER | |
| Classification number | 920 |
| Edition number | 23 |
| 100 1# - MAIN ENTRY--PERSONAL NAME | |
| Personal name | Gitlin, Marty. |
| 9 (RLIN) | 5703502 |
| 245 14 - TITLE STATEMENT | |
| Title | The best tennis players of all time / |
| Statement of responsibility, etc | Marty Gitlin. |
| 264 #1 - Production, Publication, Distribution, Manufacture, and Copyright Notice. | |
| Place of production, publication, distribution, manufacture | Minneapolis, MN : |
| Name of producer, publisher, distributor, manufacturer | Abdo Pub., |
| Date of production, publication, distribution, manufacture, or copyr | 2015. |
| 300 ## - PHYSICAL DESCRIPTION | |
| Extent | 64 pages : |
| Other physical details | color illustrations ; |
| Dimensions | 24 cm. |
| 336 ## - Content Type | |
| Content type term | text |
| 337 ## - Media type | |
| Media type term | unmediated |
| 338 ## - Carrier type | |
| Carrier type term | volume |
| 490 1# - SERIES STATEMENT | |
| Series statement | Sports' best ever |
| 650 #0 - SUBJECT ADDED ENTRY--TOPICAL TERM | |
| Topical term or geographic name as entry element | Tennis |
| Form subdivision | Juvenile literature. |
| 9 (RLIN) | 5897352 |
| 830 #0 - SERIES ADDED ENTRY--UNIFORM TITLE | |
| Uniform title | Sports' best ever. |
| 9 (RLIN) | 5897353 |
| 942 ## - ADDED ENTRY ELEMENTS (KOHA) | |
| Koha item type | BOOK |
| 948 ## - LOCAL PROCESSING INFORMATION (OCLC); SERIES PART DESIGNATOR (RLIN) | |
| Series part designator, SPT (RLIN) | 04/01/2015 |
| z (OCLC) | Sirsi |
| 949 ## - LOCAL PROCESSING INFORMATION (OCLC) | |
| d | 920 Git |
| p | 22.95 |
| 996 ## - | |
| -- | 116815 |
| -- | 34301001420217 |
| -- | JNF |
| -- | bk |
| -- | wcl |
| -- | i |
| -- | 0 |
| -- | 22.95 |
| -- | davidson |
| -- | 920 Git |
| -- | 04/07/2015 |
| -- | 04/07/2015 |
| Withdrawn status | Lost status | Source of classification or shelving scheme | Damaged status | Not for loan | Collection code | Home library | Current library | Shelving location | Date acquired | Cost, normal purchase price | Total Checkouts | Total Renewals | Full call number | Barcode | Date last seen | Date checked out | Cost, replacement price | Price effective from | Koha item type |
|---|---|---|---|---|---|---|---|---|---|---|---|---|---|---|---|---|---|---|---|
| Dewey Decimal Classification | Junior NonFiction | Wasatch County Library | Wasatch County Library | Second Floor | 04/07/2015 | 22.95 | 4 | 3 | J 920 Git | 34301001420217 | 12/26/2025 | 01/23/2024 | 22.95 | 03/20/2020 | BOOK |
